00631cam a22001812 4500001001100000005001700011008004100028020001600069040001500085245013700100250001300237260002900250300001200279650005500291650004600346650002900392710002800421000002430820151217155915.0130701s xx 000 0 eng d a870452002 : aKABUcKABU10aEthnobotany and health :bproceedings of the cluster workshop 4th-7th September Entebbe, Uganda /ceditors: J. A. Orwa ... [et al.]. a1st ed. aKampala :bIUCEA,c2012. a217 p. 0aHuman-plant relationshipsvCongresses.@0000184308 0aPlant, MedicinalvCongresses.@0000184309 0aEthnobotany.@00001843102 aOrwa, J. A.@0000184307